Disney Song Lyrics 2 Quiz Stats

 Plays Quiz not verified by Sporcle

Challenge
Share
Tweet
Embed
Score 0/84 Timer 08:00
0 Plays Today
Lyrics % Correct
the
98.3%
the
98.3%
a
98.3%
And
98.3%
the
98.3%
I
97.2%
I
97.2%
I
97.2%
you
85.7%
you
85.7%
you
85.7%
is
74.2%
is
74.2%
is
74.2%
love
70.7%
Love
70.7%
love
70.7%
Love
70.7%
Love
70.7%
Love
70.7%
love
70.7%
to
68.6%
me
66.6%
me
66.6%
me
66.6%
So
54.1%
So
54.1%
so
54.1%
Lyrics % Correct
do
53.7%
she
52.4%
she
52.4%
she
52.4%
of
49%
her
47.4%
how
47%
how
47%
That
46.2%
my
45.7%
Know
44.2%
You're
39.3%
like
37.3%
as
37.1%
as
37.1%
it's
34.8%
Look
33.8%
Look
33.8%
Ma
32%
Could
27%
up
26%
up
26%
heart
23.2%
way
22.6%
beautiful
18.6%
beautiful
18.6%
always
18.2%
someone
17.2%
Lyrics % Correct
someone
17.2%
night
16.9%
only
16.8%
sky
15.7%
sky
15.7%
true
15.6%
oui
14.5%
everything
13.5%
Mais
13.4%
far
13.2%
lights
12.8%
lights
12.8%
belle
12.3%
wonderful
12.1%
finds
11.6%
Evangeline
11%
Evangeline
11%
Evangeline
11%
Evangeline
11%
yet
10.6%
bright
10.4%
belongs
10%
still
9.8%
above
9.4%
queen
8.9%
agree
7.6%
J'et adore
7%
J'et aime
6.2%

You're not logged in!

Compare scores with friends on all Sporcle quizzes.
OR
Log In

You Might Also Like...

Show Comments

Extras

Top Quizzes Today


Score Distribution

Your Account Isn't Verified!

In order to create a playlist on Sporcle, you need to verify the email address you used during registration. Go to your Sporcle Settings to finish the process.

Report this User

Report this user for behavior that violates our Community Guidelines.

Details: